LDR 01241naa#a2200193#i#450# 001 RU\\bibl\118722 005 20260514225335.4 011 ## _a1994-4683 100 ## _a20230428b2023####ek#y0rusy0150####ca 102 ## _aRU 200 1# _aЗНАЧЕНИЕ ЭЛЕКТРОМИОГРАФИЧЕСКИХ ТРЕНИРОВОК В ТЕХНИЧЕСКОЙ ПОДГОТОВКЕ ПЛОВЦОВ _eЖурнальная статья 210 1# _aМосква _cНациональный государственный Университет физической культуры, спорта и здоровья им. П.Ф. Лесгафта _d2023 215 ## _a3 с. 608 ## _aЖурнальная статья _2local 675 ## _aКинематика. Спортивные движения. Учение о двигательных (моторных) функциях человеческого тела Психологические, анатомические и физиологические признаки и характеристики обозначать с помощью :159.9..., :611..., :612.... 796.012 _z 700 #1 _aМельничук _gВ И 700 #1 _aТкачук _gМ Г 700 #1 _aМельничук _gН В 856 4# _auchzapiski.lesgaft.spb.ru _u